My tears , my dreams : (Record no. 74931)

MARC details
000 -LEADER
fixed length control field 00696nam a22002057a 4500
005 - DATE AND TIME OF LATEST TRANSACTION
control field 20130501114313.0
010 ## - LCCN (DPL NO)
LC control number ENG-106935
020 ## - INTERNATIONAL STANDARD BOOK NUMBER
International Standard Book Number 9780198089629
Terms of availability 295.00
020 ## - INTERNATIONAL STANDARD BOOK NUMBER
International Standard Book Number 0198089627
Terms of availability 295.00
035 ## - SYSTEM CONTROL NUMBER
System control number EN-90468
037 ## - SOURCE OF ACQUISITION
Source of stock number/acquisition DBAD/PUB
100 ## - MAIN ENTRY--PERSONAL NAME
Personal name Bhattathiripad, V.T.
245 ## - TITLE STATEMENT
Title My tears , my dreams :
Statement of responsibility, etc by V.T. Bhattathiripad ; edited by Mini Krishnan; translated from Malayalam by Sindhu V. Nair
Remainder of title kanneerum kinaavum /
260 ## - PUBLICATION, DISTRIBUTION, ETC. (IMPRINT)
Place of publication, distribution, etc New Delhi
Name of publisher, distributor, etc Oxford University Press
Date of publication, distribution, etc 2013
270 ## - ADDRESS
Address YMCA Library Building, 1 Jai Singh Road
City New Delhi
Postal code 110001
300 ## - PHYSICAL DESCRIPTION
Extent xxxvi,109p.
Dimensions 23cm(Hb)
700 1# - ADDED ENTRY--PERSONAL NAME
Personal name Mini Krishnan
Dates associated with a name 1960-
700 1# - ADDED ENTRY--PERSONAL NAME
Personal name Nair, Sindhu V.
942 ## - ADDED ENTRY ELEMENTS (KOHA)
Source of classification or shelving scheme Dewey Decimal Classification
Item type English Books
Call number suffix BHA
Holdings
Withdrawn status Lost status Not for loan Collection code Home library Current library Date acquired Source of acquisition Cost, normal purchase price Full call number Barcode Copy number Cost, replacement price Koha item type
    Not For Loan Non-fiction D.B.Act.Division D.B.Act.Division 29/04/2013 DBAD/PUB 295.00 BHA EN-90468 1 295.00 English Books

© Delhi Public Library
Hit Counter
free hit counter